|
|
|
|
| LEADER |
01004nam a2200241 a 4500 |
| 001 |
3627880 |
| 008 |
090709r1999 enk b 000 0 eng d |
| 010 |
|
|
|a \\\74168880
|
| 020 |
|
|
|a 0048010154
|
| 020 |
|
|
|a 8185274924
|
| 040 |
|
|
|a DLC
|c DLC
|d DLC
|
| 082 |
0 |
0 |
|a 821/.7
|2 21
|
| 245 |
1 |
0 |
|a Critics on Wordsworth :
|b readings in literary criticism /
|c edited by Raymond Cowell.
|
| 260 |
|
|
|a London :
|b Allen and Unwin ;
|a New Delhi :
|b Universal Book Stall,
|c 1999 [reprinted]
|
| 300 |
|
|
|a xi, 114 p.
|c 22 cm.
|
| 490 |
0 |
|
|a Readings in literary criticism, 12
|
| 504 |
|
|
|a Bibliography: p. [111]-114.
|
| 541 |
1 |
|
|e 00009275
|
| 600 |
1 |
0 |
|a Wordsworth, William,
|d 1770-1850
|x Criticism and interpretation.
|
| 700 |
1 |
|
|a Cowell, Raymond,
|e comp.
|
| 852 |
4 |
|
|a Ayesha Abed Library
|j General shelf
|
| 999 |
|
|
|c 2225
|d 2225
|
| 952 |
|
|
|0 0
|1 0
|2 ddc
|4 0
|6 821_700000000000000_CRI
|7 0
|9 2050
|a BRACUL
|b BRACUL
|c GEN
|d 2009-07-09
|g 0.00
|l 2
|o 821.7 CRI
|p 3010009275
|r 2014-07-22
|s 2014-07-21
|t 1
|w 2009-07-09
|y BK
|x No price found in the accession register.
|